| 000 | 00382nam a2200145Ia 4500 | ||
|---|---|---|---|
| 008 | 230312s9999||||xx |||||||||||||| ||und|| | ||
| 082 |
_a729.2 _bCHI-T |
||
| 100 | _aChiara;Joseph.De | ||
| 245 | 0 | _aTime-Saver Standards for Building Types | |
| 260 | _bMcGraw Hill | ||
| 300 | _a775 | ||
| 546 | _aEng. | ||
| 650 |
_aArchitecture _vTime-Saver Standards for Building Types |
||
| 942 | _cBK | ||
| 999 |
_c6636 _d6636 |
||